Les clubs de Ligue 2 saison 2023-2024 - Statistiques

Statistiques générales
  • Ce quiz a été pris 145 fois
  • Le résultat moyen est 16 sur 20
Statistiques - réponses
Équipes % Correct
AS Saint-Étienne
96%
Girondins de Bordeaux
95%
AC Ajaccio
89%
Stade Lavallois
88%
SM Caen
86%
AJ Auxerre
84%
Angers SCO
83%
SC Bastia
83%
Paris FC
82%
ESTAC Troyes
79%
Annecy
78%
Rodez
78%
Amiens SC
75%
En Avant Guingamp
75%
Grenoble Foot 38
75%
Valenciennes FC
75%
USL Dunkerque
72%
Pau FC
70%
Concarneau
69%
Quevilly Rouen
60%
Aucun quiz correspondant
Distribution des résultats
% des personnes avec chaque résultat
Percentile par nombre de réponses
Votre historique - résultats
Vous n’avez pas pris ce quiz